000 00389nam a2200133Ia 4500
008 100328s9999 xx 000 0 und d
082 _b50731
100 _aमहाजन भास्कर
245 _aब्रेन बिझनेस.
260 _bफेमस
630 _aब्रेन बिझनेस.
730 _aब्रेन बिझनेस.
942 _cBOOK
999 _c537813
_d537810